000 00744nam a2200217 i 4500
005 20221201105116.0
008 221201q my ao g 000 0 may d
020 _qpaperback
040 _aPPAK
_beng
_cPPAK
_erda
082 0 4 _223
_a808.882
090 0 0 _a808.882
_bDAM
_dKK
245 0 0 _adamai :
_bURUS HATI DAN KEHIDUPAN : Adab Dulu Baru Ilmu : Meraih Bahagia dengan Barakah
264 1 _aPetaling Jaya, Selangor :
_bBonda Nor Sdn. Bhd. ,
_c[2022?]
300 _a120 pages :
_bcolour illustrations, colour photographs ;
_c21 cm
336 _atext
_2rdacontent
337 _aunmediated
_2rdamedia
338 _avolume
_2rdacarrier
650 1 0 _aMotivation (Psychology)
_vAnecdotes
650 2 0 _aSuccessful people
_vAnecdotes
942 _2ddc
_cB
999 _c190328
_d190328